000 01362nam a2200253 i 4500
001 153629
003 ES-MaACL
005 20250909184537.0
008 970410s1881 sp |||| | spa d
245 0 0 _aEmigración y colonización :
_bartículo publicado en El Día (suplemento al número de 17 de noviembre de 1881) ; seguido del informe sobre la emigración del Excmo. Sr. D. Miguel López Martínez y del proyecto de ley para la creación de colonias del Excmo. Sr. D. Javier Los Arcos.
260 _aMadrid :
_b[s.n.],
_c1881 (
_fImp. a cargo de Lucas Polo)
300 _a76 p. ;
_c16 cm.
530 _aDisponible en formato digital.
650 4 _aColonización agraria-
_zEspaña.
_9170663
650 4 _aEmigración e inmigración-
_xPolítica gubernamental-
_zEspaña.
_9143373
650 0 4 _aDerecho agrario-
_zEspaña
_911649
651 7 _aEspaña-
_xEmigración
_2
_9147695
700 1 _aLópez Martínez, Miguel,
_d1825-1904
_973761
700 1 _aLos Arcos y Miranda, Javier,
_d1847-1905
_9167015
852 _aES-MaACL
_jT-407-F-1
_z- Enc. hol., falto de cub. original
_z- Enc. en un vol. facticio
856 _uhttp://bdh-rd.bne.es/viewer.vm?id=0000046617&page=1
_zBiblioteca Digital Hispánica
856 _uhttp://uvadoc.uva.es/handle/10324/4948
_zRepositorio Documental de la Universidad de Valladolid
999 _c153629
_d153629